[Event "Bad Sooden-Allendorf Seniors op 15th"]
[Site "Bad Sooden-Allendorf"]
[Date "2003.04.30"]
[Round "2"]
[White "Kessner, Helmut"]
[Black "Huhn, Ulrich"]
[Result "0-1"]
[WhiteElo "1661"]
[BlackElo "1980"]
[PlyCount "104"]
[EventDate "2003.05.??"]
[EventType "swiss"]
[EventRounds "9"]
[EventCountry "GER"]
[SourceTitle "EXT 2006"]
[Source "ChessBase"]
[SourceDate "2005.11.24"]
[SourceVersion "1"]
[SourceVersionDate "2005.11.24"]
[SourceQuality "1"]

1. e4 d5 2. exd5 Nf6 3. d3 Nxd5 4. Nf3 c6 5. Be2 Bg4 6. a3 e6 7. c4 Nf6 8. Nc3 Bd6 9. h3 Bh5 10. d4 Nbd7 11. c5 Bc7 12. b4 a6 13. Bg5 h6 14. Bxf6 Nxf6 15. Ne5 Bxe2 16. Nxe2 Nd5 17. Qd3 Qg5 18. Qg3 Qxg3 19. fxg3 Ne3 20. Kf2 Bxe5 21. Kxe3 Bc7 22. Rhf1 Ke7 23. g4 Rhd8 24. Rad1 a5 25. Rd3 axb4 26. axb4 b5 27. Rb1 Ra2 28. Rd2 Rxd2 29. Kxd2 Ra8 30. Rb3 Ra1 31. Ke3 Ra2 32. Kf3 Kf6 33. Nc3 Ra1 34. Ne4+ Ke7 35. Nc3 f6 36. Ne2 g6 37. Nc3 Bb8 38. Ne2 e5 39. dxe5 Bxe5 40. Ke3 Ra2 41. Kf3 Ke6 42. Ke3 Kd5 43. Kd3 Ra1 44. g3 Rd1+ 45. Kc2 Kc4 46. Nf4 Bxf4 47. gxf4 Rc1+ 48. Kxc1 Kxb3 49. h4 g5 50. hxg5 hxg5 51. fxg5 fxg5 52. Kd2 Kxb4 0-1

[Event "Bad Sooden-Allendorf Seniors op 14th"]
[Site "Bad Sooden-Allendorf"]
[Date "2002.04.22"]
[Round "1"]
[White "Kessner, Helmut"]
[Black "Falkowski, Wilfried"]
[Result "1-0"]
[WhiteElo "1516"]
[BlackElo "1884"]
[PlyCount "91"]
[EventDate "2002.04.??"]
[EventType "swiss"]
[EventRounds "9"]
[EventCountry "GER"]
[SourceTitle "EXT 2006"]
[Source "ChessBase"]
[SourceDate "2005.11.24"]
[SourceVersion "1"]
[SourceVersionDate "2005.11.24"]
[SourceQuality "1"]

1. e4 c5 2. Nf3 e6 3. Nc3 a6 4. a4 Nc6 5. Bc4 d6 6. 0-0 Nf6 7. Re1 Qc7 8. h3 Be7 9. d4 cxd4 10. Nxd4 0-0 11. Nf3 b6 12. Bf4 h6 13. Qe2 Bb7 14. Rad1 Rad8 15. Bxa6 Bxa6 16. Qxa6 Ra8 17. Qc4 Qd7 18. Qb5 Ra5 19. Qe2 Rd8 20. e5 Ne8 21. exd6 Bf6 22. Be3 Bxc3 23. bxc3 Rxa4 24. Bxb6 Rb8 25. Qe3 Ra6 26. Bc5 Ra2 27. Re2 Rbb2 28. Qd3 Nf6 29. c4 Nh5 30. Red2 Nf4 31. Qe4 Ng6 32. c3 f5 33. Qe2 Rxd2 34. Rxd2 Ra1+ 35. Kh2 Ra8 36. Bb6 e5 37. c5 Kh7 38. Qc4 Kh8 39. Nh4 Nf8 40. Qd5 Kh7 41. Nxf5 Qxf5 42. Qxc6 Ra1 43. Qf3 Qg5 44. Qe3 Qg6 45. d7 Nxd7 46. Rxd7 1-0